| 000 | 00606nam a22001817a 4500 | ||
|---|---|---|---|
| 999 |
_c15858 _d15858 |
||
| 003 | AR-CdUCM | ||
| 008 | 190430b ||||| |||| 00| 0 spa d | ||
| 040 |
_aMUNICIPALIDAD PROVINCIAL DEL CUSCO _cBIBLIOTECA MUNICIPAL DEL CUSCO |
||
| 082 |
_a330.6 / _bM62 /1951 |
||
| 110 |
_aMinisterio de Educación Pública _96342 |
||
| 245 | _aGran unidad escolar Ricardo Bentin / | ||
| 260 |
_aLima : _bColegio Militar Leoncio Prado. _c1951. |
||
| 300 |
_a31 páginas ; _bimágenes. _c25 cm. |
||
| 505 | _aGran unidad escolar Ricardo Bentin | ||
| 650 |
_aRicardo Bentin. _935060 |
||
| 942 |
_2ddc _cLIBROS |
||
| 945 | _awfj | ||